Los dioses vinieron de las estrellas /

保存先:
書誌詳細
その他の著者: Khuon, Ernst von (autor) (autor)
フォーマット: 図書
言語:スペイン語
出版事項: México : Roca, 1979
主題:
タグ: タグ追加
タグなし, このレコードへの初めてのタグを付けませんか!

MARC

LEADER 00000nam^a2200000^a^4500
001 000105518
005 20250521000000.0
009 20260310093502.434
020 |a 968-21-0087-9 
037 |a Acervo ITESO - Biblioteca 
041 |a ESP 
082 |a 001. 94  |b DIO 
245 1 4 |a Los dioses vinieron de las estrellas /  |c E. von Khuon... [et al.] ; tr. por Diorki. 
264 1 |a México :  |b Roca,  |c 1979 
300 |a 284 p. 
336 |a texto  |b txt  |2 rdacontenido 
337 |a sin mediación  |b n  |2 rdamedio 
338 |a volumen  |b nc  |2 rdasoporte 
500 |a Traducción de: ¿Waren die götter astronauten? 
649 |a XX 
650 |a Contacto con Extraterrestres 
650 |a Extraterrestres 
650 |a Vida en Otros Planetas 
650 |a Pluralidad de los Mundos 
650 |a Ciencias Ocultas 
650 |a Cosmología 
700 |a Khuon, Ernst von  |e (autor) 
910 |a Fondo Jesús Rodríguez 
920 |a Impresos - Libros 
930 |a Fondos Especiales 
905 |a 113 
901 |a 0500041683  |b IT2  |c ESP  |u 20250521 
902 |a https://opac.biblio.iteso.mx/vufind/Record/000105518